Timing Synchronization in Mimo OFDM (Multiantenna)Systems Using Preamble Auto-correlation / (Record no. 188355)

000 -LEADER
fixed length control field 00584 a2200169 4500
003 - CONTROL NUMBER IDENTIFIER
control field NUST
005 - DATE AND TIME OF LATEST TRANSACTION
control field 20251103141342.0
040 ## - CATALOGING SOURCE
Transcribing agency Nust
082 ## - DEWEY DECIMAL CLASSIFICATION NUMBER
Classification number 621.382,ULL
100 ## - MAIN ENTRY--PERSONAL NAME
Personal name Salmat Ullah, NC Shakeel (TE-43-B)
9 (RLIN) 131434
245 ## - TITLE STATEMENT
Title Timing Synchronization in Mimo OFDM (Multiantenna)Systems Using Preamble Auto-correlation /
Statement of responsibility, etc. NC Shakeel Salamat Ullah , NC Muhammad Ahsan Liaqat , NC Muhammad Jehanzaib Rao and NC Ammar Ahmad
260 ## - PUBLICATION, DISTRIBUTION, ETC.
Place of publication, distribution, etc. Rawalpindi
Name of publisher, distributor, etc. MCS
Date of publication, distribution, etc. August 2010
300 ## - PHYSICAL DESCRIPTION
Extent 140: p.
650 ## - SUBJECT ADDED ENTRY--TOPICAL TERM
Topical term or geographic name entry element UG Projects
9 (RLIN) 98716
651 ## - SUBJECT ADDED ENTRY--GEOGRAPHIC NAME
Geographic name TE-43-B
9 (RLIN) 131435
942 ## - ADDED ENTRY ELEMENTS (KOHA)
Source of classification or shelving scheme
Koha item type Project Report
Holdings
Withdrawn status Lost status Source of classification or shelving scheme Damaged status Not for loan Permanent Location Current Location Shelving location Date acquired Full call number Barcode Date last seen Price effective from Koha item type Public note
          Military College of Signals (MCS) Military College of Signals (MCS) Reference 12/12/2016 621.382,ULL MCSPTE-173 12/08/2016 12/12/2016 Project Report Almirah No.90, Shelf No.3
© 2023 Central Library, National University of Sciences and Technology. All Rights Reserved.